000 00864nam0a2200289 4500
001 RU\NLR\ONL2\5710
005 20250613125741.0
035 _a(NLR Aleph) 009653308
090 _a9579562
_c9579562
100 _a20060818d1994 |||y0rusy50 ca
101 0 _atgk
102 _aRU
105 _ay |||||||||
200 1 _aЧор хикоят
_fБолта Ортикзода
210 _aСамарканд
_cСугдиён
_d1994
215 _a141,[1] сах.
_d20
541 1 _6z01790
_aЧетыре рассказа.
_zrus
686 1 _aШ6(2=Тад)7-4
700 1 _aОртикзода
_bБ.
_gБолта
_4070
790 1 _6z01541
_aОртиков
_bБ.
_gБолта
_4070
801 0 _aRU
_bNLR
_c20060818
_gPSBO
852 _aNLR
_bОНЛ
_jТадж./2-8856
942 _cBOOK
980 _aNB
980 _aONL_RF